[Event "Najdorf Mem Open A"]
[Site "Warsaw POL"]
[Date "2010.07.17"]
[Round "1"]
[White "Stoma,P"]
[Black "Zhigalko,S"]
[Result "0-1"]
[WhiteElo "2302"]
[BlackElo "2656"]
[EventDate "2010.07.17"]

1. e4 c5 2. Nf3 Nc6 3. Nc3 Nf6 4. Bb5 Qc7 5. d3 d6 6. h3 e6 7. O-O Be7 8.
Bxc6+ Qxc6 9. e5 Nd7 10. exd6 Qxd6 11. d4 cxd4 12. Nxd4 a6 13. Be3 O-O 14.
Qf3 Ne5 15. Qe2 Ng6 16. f4 f5 17. Rad1 Qc7 18. Qf3 Bd7 19. Qf2 Bh4 20. g3
Bf6 21. Rfe1 b5 22. a3 Rae8 23. Nb3 Bc6 24. Bb6 Qc8 25. Na5 Bxc3 26. bxc3
Be4 27. c4 bxc4 28. Bc5 e5 29. Nxc4 exf4 30. Bxf8 fxg3 31. Qxg3 Qxc4 32.
Bb4 Qxc2 33. Rd7 f4 34. Qf2 Qc6 35. Qd4 Ne5 36. Rxe4 Qg6+ 37. Kf1 Nxd7 38.
Rxe8+ Qxe8 39. Qc4+ Kh8 40. Qxf4 Qe6 41. Kg2 h6 42. Bc3 Kh7 43. Qg3 Qe4+
44. Qf3 Qc2+ 45. Kf1 Nc5 46. Qg3 Qb1+ 47. Kg2 Ne6 48. Qe5 Qg6+ 49. Kf1 Ng5
50. Qe3 Qf5+ 51. Kg2 Qc2+ 52. Kf1 Ne4 53. Be1 Nd6 54. Qe2 Qf5+ 55. Kg2 Qg6+
56. Kf1 Nb5 57. Qe3 Qf5+ 58. Kg2 Qd5+ 59. Kg1 Nd6 60. Bc3 Ne4 61. Be1 Ng5
62. Kf2 Qf5+ 63. Kg2 Qc2+ 64. Kg1 Qg6 65. Kf1 Qf5+ 66. Kg2 Ne6 67. Bg3 Qg6
68. Kf1 Ng5 69. Be1 Qc2 70. Kg1 Ne4 71. Kf1 Nf6 72. Kg1 Nd5 73. Qf3 Nb6 74.
Qf2 Qb1 75. Qe2 Nd5 76. Kh2 Nf4 77. Qe3 Qc2+ 78. Kg3 Nd5 79. Qf3 Nf6 80.
Qe3 Kg6 81. Kf3 Qf5+ 82. Kg2 Nd5 83. Qf3 Qxf3+ 84. Kxf3 Kf5 85. Bg3 g5 86.
Bd6 Nf4 87. Kg3 h5 88. Bc7 h4+ 89. Kh2 Ne6 90. Bd6 g4 91. hxg4+ Kxg4 92. a4
Nd4 93. a5 h3 94. Kg1 Nf3+ 95. Kf2 Nd2 96. Bc7 Ne4+ 97. Kg1 Nf6 98. Bb8 Kh4
99. Bc7 Ng4 100. Bd8+ Kh5 101. Bc7 Kg5 102. Bd6 Kf5 103. Bc7 Ke4 104. Bd6
Kd5 105. Bc7 Kc6 106. Bd8 Kb5 107. Kh1 Ne5 108. Kh2 Nc6 109. Bc7 Nxa5 110.
Kxh3 Nb7 111. Kg4 Kc6 112. Bf4 a5 113. Kf3 Kd5 114. Ke3 Kc4 115. Kd2 Kb3
116. Be5 a4 117. Kc1 a3 118. Kb1 Na5 119. Bg7 Nc4 120. Bf6 Ne3 121. Bh8 Nd5
122. Ba1 Ne3 123. Bh8 Nd1 124. Ba1 Nf2 125. Kc1 Nd3+ 126. Kd2 Nb2 127. Kc1
Ka2 128. Kc2 Kxa1 129. Kc1 Ka2 0-1

[Event "Najdorf Mem Open A"]
[Site "Warsaw POL"]
[Date "2010.07.17"]
[Round "1"]
[White "Macieja,B"]
[Black "Adamski,J"]
[Result "1-0"]
[WhiteElo "2639"]
[BlackElo "2287"]
[EventDate "2010.07.17"]

1. Nf3 c5 2. c4 Nf6 3. Nc3 e6 4. g3 Nc6 5. Bg2 d5 6. cxd5 Nxd5 7. O-O Nf6
8. d3 Be7 9. Bf4 O-O 10. Rc1 Bd7 11. d4 b6 12. dxc5 Bxc5 13. Na4 Be7 14.
Ne5 Nxe5 15. Bxa8 Qxa8 16. Bxe5 Rd8 17. Bxf6 Bxf6 18. Qc2 g6 19. Nc3 Rc8
20. Qe4 Qxe4 21. Nxe4 Bxb2 22. Rxc8+ Bxc8 23. Rd1 Bb7 24. Rd8+ Kg7 25. Nd6
Bc6 26. Rc8 Bd5 27. e4 Bxa2 28. Rc2 Be5 29. Ne8+ Kf8 30. Rxa2 Kxe8 31. Rxa7
h5 32. Kg2 Bd4 33. f3 Kf8 34. h4 Kg7 35. g4 hxg4 36. fxg4 Bf6 37. Kh3 Be5
38. Rd7 Bf4 39. Rd3 Be5 40. Rd7 Bf4 41. Kg2 Be5 42. Rb7 Bf6 43. Kg3 Be5+
44. Kf3 Bf6 45. h5 Bd4 46. Kg3 Be3 47. e5 Bd2 48. Kf3 gxh5 49. gxh5 Bc3 50.
Ke4 Bd2 51. Rxb6 Bc1 52. Rb1 Bd2 53. Rd1 Bh6 54. Rg1+ Kf8 55. Kd4 Bd2 56.
Rg2 Bf4 57. Rg4 Bc1 58. Kc5 Bd2 59. Kd6 Bc1 60. Kd7 Bd2 61. Rc4 Bg5 62.
Rc8+ Kg7 63. Kd6 Bf4 64. Rc4 Be3 65. Ke7 Bg5+ 66. Ke8 f6 67. Rg4 1-0

[Event "Najdorf Mem Open A"]
[Site "Warsaw POL"]
[Date "2010.07.17"]
[Round "1"]
[White "Janczarski,M"]
[Black "Hammer,J"]
[Result "1-0"]
[WhiteElo "2285"]
[BlackElo "2636"]
[EventDate "2010.07.17"]

1. c4 Nf6 2. g3 e6 3. Bg2 d5 4. Nf3 Be7 5. O-O d4 6. d3 O-O 7. e3 c5 8.
exd4 cxd4 9. Bg5 Nc6 10. Re1 h6 11. Bxf6 Bxf6 12. Nbd2 Qc7 13. a3 a5 14. b3
Bd7 15. Qc2 Rab8 16. Qb2 g5 17. b4 g4 18. Ne4 Bg7 19. Nfd2 b6 20. f4 f5 21.
Nf2 Ne7 22. Rac1 a4 23. Qa2 Rf6 24. c5 b5 25. c6 Be8 26. Rc5 Bf7 27. Ree5
Rg6 28. Rxb5 Bxe5 29. Rxe5 Nxc6 30. Qc2 Rc8 31. Bxc6 Be8 32. b5 Bxc6 33.
Rc5 e5 34. fxe5 Qb7 35. Rxc6 Rgxc6 36. bxc6 Rxc6 37. Nc4 Qb5 38. Qa2 Kh7
39. Nd1 Kg6 40. Qg2 Rxc4 41. dxc4 Qxc4 42. Qa8 Kh7 43. Qb7+ Kg8 44. Nf2
Qc1+ 45. Kg2 Qxa3 46. Qc8+ Qf8 47. Qa6 Qf7 48. e6 Qc7 49. Qxa4 Qb7+ 50. Kg1
Qb1+ 51. Nd1 Kf8 52. Qxd4 1-0

[Event "Najdorf Mem Open A"]
[Site "Warsaw POL"]
[Date "2010.07.17"]
[Round "1"]
[White "Lammens,Tim"]
[Black "Dziuba,M"]
[Result "0-1"]
[WhiteElo "2268"]
[BlackElo "2582"]
[EventDate "2010.07.17"]

1. Nf3 Nf6 2. g3 g6 3. b3 Bg7 4. Bb2 d6 5. d4 c5 6. Bg2 cxd4 7. Nxd4 d5 8.
O-O O-O 9. c4 dxc4 10. bxc4 Qb6 11. Nb3 Rd8 12. Qc1 Be6 13. Nc3 Nc6 14. Na4
Qc7 15. Nac5 Bc8 16. Qf4 e5 17. Qf3 a5 18. Na4 Bf5 19. Nbc5 e4 20. Qb3 Rab8
21. Rad1 Re8 22. Nb6 Ne5 23. Qb5 Bf8 24. Nb3 a4 25. Nd4 Bd7 26. Nxd7 Qxd7
27. Nc2 Qc6 28. Ne3 Rbc8 29. Nd5 Nxd5 30. Qxd5 Nxc4 31. Ba1 Bg7 32. Bxg7
Kxg7 33. Qd4+ Kg8 34. Rc1 b5 35. Rfd1 Qe6 36. Rb1 Na3 37. Rb2 Qe7 38. Qb4
Qxb4 39. Rxb4 Rc4 40. Rb2 Rec8 41. h4 Rc1 42. Rxc1 Rxc1+ 43. Kh2 f5 44. g4
Rc2 45. Rxc2 Nxc2 46. gxf5 gxf5 47. Bh3 b4 48. Bxf5 Kg7 49. Bxe4 b3 50.
axb3 a3 51. Bxc2 a2 52. Bd3 a1=Q 53. Bc4 Qf1 54. Kg3 Qg1+ 55. Kf3 Qh2 56.
e4 Qh3+ 57. Ke2 Qxh4 58. Ke3 Kf6 0-1

[Event "Najdorf Mem Open A"]
[Site "Warsaw POL"]
[Date "2010.07.17"]
[Round "1"]
[White "Malakhatko,V"]
[Black "Banasik,K"]
[Result "1-0"]
[WhiteElo "2576"]
[BlackElo "2250"]
[EventDate "2010.07.17"]

1. d4 e6 2. c4 Nf6 3. Nf3 Bb4+ 4. Nbd2 O-O 5. a3 Bxd2+ 6. Qxd2 b6 7. e3 Bb7
8. b4 c5 9. Be2 d5 10. cxd5 Bxd5 11. dxc5 bxc5 12. O-O Nc6 13. Qb2 Qb6 14.
Bd2 Ne4 15. b5 Na5 16. Bxa5 Qxa5 17. Rfc1 Rfc8 18. Ne5 Nd6 19. a4 c4 20.
Qd4 Qc7 21. h3 Rab8 22. e4 Nxe4 23. Bxc4 Ba8 24. Bd3 Qd6 25. Qxd6 Nxd6 26.
Nd7 1-0

[Event "Najdorf Mem Open A"]
[Site "Warsaw POL"]
[Date "2010.07.17"]
[Round "1"]
[White "Pazderski,Z"]
[Black "Radulski,J"]
[Result "0-1"]
[WhiteElo "2246"]
[BlackElo "2574"]
[EventDate "2010.07.17"]

1. d4 d5 2. Nf3 e6 3. c4 Nf6 4. Nc3 Be7 5. cxd5 exd5 6. Bf4 O-O 7. e3 Nh5
8. Be5 Nc6 9. Bd3 Nxe5 10. Nxe5 Nf6 11. g4 c5 12. Qf3 cxd4 13. exd4 Qb6 14.
O-O-O Be6 15. g5 Ne4 16. Bxe4 dxe4 17. Qe3 Rac8 18. d5 Bc5 19. Qxe4 Ba3 20.
bxa3 Rxc3+ 21. Kd2 Rxa3 22. Ke1 Rxa2 23. Qf3 Bh3 0-1

[Event "Najdorf Mem Open A"]
[Site "Warsaw POL"]
[Date "2010.07.17"]
[Round "1"]
[White "Vysochin,S"]
[Black "Klim,K"]
[Result "1-0"]
[WhiteElo "2562"]
[BlackElo "2245"]
[EventDate "2010.07.17"]

1. e4 e5 2. Nf3 Nc6 3. Bb5 a6 4. Bxc6 dxc6 5. O-O f6 6. d4 Bg4 7. c3 exd4
8. cxd4 Bxf3 9. Qxf3 Qxd4 10. Rd1 Qc4 11. Bf4 Bd6 12. Bxd6 cxd6 13. Rxd6
Nh6 14. Na3 Qb4 15. Qd1 O-O 16. Rd4 Qe7 17. Nc4 Nf7 18. Qg4 Rad8 19. Rad1
Rxd4 20. Rxd4 Rd8 21. Rxd8+ Qxd8 22. h4 g6 23. h5 Kg7 24. Ne3 Ne5 25. Qe6
Nf7 26. Qb3 Qe7 27. f3 Qc5 28. Kf2 b5 29. hxg6 hxg6 30. Ke2 Ne5 31. Qd1 a5
32. a3 a4 33. Qd2 Qe7 34. Qd4 Nd7 35. Ng4 Ne5 36. Ne3 Nd7 37. g3 Kf7 38. f4
Nc5 39. Kf3 Ne6 40. Qd3 c5 41. Qd5 Kg7 42. e5 fxe5 43. Qxe5+ Kf7 44. Nd5
Qd8 45. Ke4 Nd4 46. Qc7+ Qxc7 47. Nxc7 g5 48. fxg5 Kg6 49. Na6 Nb3 50. Kd5
c4 51. Kc6 Nd4+ 52. Kc5 Ne2 53. Kb4 Nc1 54. Kxb5 Nd3 55. Nc5 Nxb2 56. Nxa4
Nd1 57. Kxc4 Kxg5 58. Kd3 Nf2+ 59. Ke3 Ng4+ 60. Kd4 Nh6 61. Nc3 Nf5+ 62.
Kc5 Ng7 63. a4 Ne6+ 64. Kb6 Nf8 65. Ne4+ Kg4 66. Nc5 1-0

[Event "Najdorf Mem Open A"]
[Site "Warsaw POL"]
[Date "2010.07.17"]
[Round "1"]
[White "Lewandowski,Ra"]
[Black "Mista,A"]
[Result "0-1"]
[WhiteElo "2240"]
[BlackElo "2562"]
[EventDate "2010.07.17"]

1. e4 g6 2. d4 Bg7 3. Nc3 c6 4. Be3 d5 5. f3 Qb6 6. Na4 Qa5+ 7. c3 Nd7 8.
b4 Qc7 9. e5 f6 10. f4 Nh6 11. Bd3 b5 12. exf6 Nxf6 13. Nc5 a5 14. h3 O-O
15. Ne2 Nf5 16. Bxf5 Bxf5 17. O-O Nd7 18. g4 Nxc5 19. bxc5 Be4 20. Ng3 g5
21. Nh5 gxf4 22. Bxf4 e5 23. Bxe5 Bxe5 24. dxe5 Qxe5 25. Qd4 Qxd4+ 26. cxd4
Bd3 27. Nf6+ Kg7 28. Rf3 Be4 29. Nh5+ Kh6 30. Re3 Rae8 31. Rae1 Bg6 32. Re6
b4 33. R1e5 Rxe6 34. Rxe6 Rc8 35. Re7 Bb1 36. h4 Rg8 37. Nf6 Rf8 38. Ra7
Bxa2 39. g5+ Kg6 40. Nd7 Rc8 41. Kf2 b3 42. Ke3 Re8+ 43. Ne5+ Rxe5+ 44.
dxe5 b2 0-1

[Event "Najdorf Mem Open A"]
[Site "Warsaw POL"]
[Date "2010.07.17"]
[Round "1"]
[White "Fuchs,Ju"]
[Black "Olszewski,Mi"]
[Result "1/2-1/2"]
[WhiteElo "2232"]
[BlackElo "2543"]
[EventDate "2010.07.17"]

1. e4 c5 2. Nf3 e6 3. d4 cxd4 4. Nxd4 a6 5. Nc3 Qc7 6. Be2 b5 7. O-O Bb7 8.
Bd3 Nf6 9. Re1 Bd6 10. Nf3 Bc5 11. Bg5 d6 12. Qe2 Nbd7 13. a4 b4 14. Nb1
Ng4 15. Bh4 Nde5 16. Nxe5 Nxe5 17. Nd2 Ng6 18. Bg5 O-O 19. Nb3 a5 20. Nxc5
dxc5 21. Bb5 Qe5 22. Bc1 Rfd8 23. Rb1 Qc7 24. f3 e5 25. Be3 Nf4 26. Bxf4
exf4 27. Rbd1 Qe5 28. Rxd8+ Rxd8 29. Rd1 Rxd1+ 30. Qxd1 g6 31. b3 Kg7 32.
Bc4 Bc8 33. Qd8 Qc3 34. Kf1 Bh3 35. gxh3 Qxf3+ 36. Kg1 Qe3+ 37. Kf1 Qxh3+
38. Ke1 Qe3+ 39. Kf1 Qxe4 40. Qd7 Qh1+ 41. Kf2 Qxh2+ 42. Kf1 Qh1+ 43. Kf2
Qh4+ 44. Kf1 Qf6 45. Qc7 Qf5 46. Qxa5 Qh3+ 47. Ke1 Qe3+ 48. Kf1 Qf3+ 49.
Ke1 Qe3+ 50. Kf1 Qc1+ 51. Kf2 Qxc2+ 52. Kf3 Qf5 53. Qc7 g5 54. a5 g4+ 55.
Kg2 Qc2+ 56. Kf1 Qd1+ 57. Kg2 Qf3+ 58. Kg1 Qe3+ 59. Kf1 Qc1+ 60. Kg2 Qd2+
61. Kf1 Qc1+ 62. Kg2 Qc2+ 63. Kf1 Qb1+ 64. Kg2 Qe4+ 65. Kf1 Qh1+ 66. Ke2
Qg2+ 67. Ke1 Qg1+ 68. Kd2 Qd4+ 69. Ke1 Qa1+ 70. Ke2 Qb2+ 71. Kf1 Qa1+ 72.
Kg2 Qb2+ 73. Kf1 1/2-1/2

[Event "Najdorf Mem Open A"]
[Site "Warsaw POL"]
[Date "2010.07.17"]
[Round "1"]
[White "Brodsky,M"]
[Black "Drozdowski,K"]
[Result "1-0"]
[WhiteElo "2540"]
[BlackElo "2223"]
[EventDate "2010.07.17"]

1. d4 Nf6 2. c4 g6 3. Nc3 d5 4. Bg5 Ne4 5. Bh4 Bg7 6. e3 c5 7. cxd5 Nxc3 8.
bxc3 Qxd5 9. Nf3 Nc6 10. Be2 O-O 11. O-O Bf5 12. Nd2 cxd4 13. cxd4 Nxd4 14.
Bc4 Qd7 15. exd4 Qxd4 16. Bxe7 Rfe8 17. Bg5 Qxa1 18. Qxa1 Bxa1 19. Rxa1 Kg7
20. h3 f6 21. Be3 Rad8 22. Nf3 Re4 23. Bb3 b6 24. Rc1 Rd7 25. Rc6 h5 26.
Bd2 Re8 27. Bc3 Rf8 28. Nd4 Rb7 29. Bd5 Bd7 30. Rc4 b5 31. Rc5 Rfb8 32.
Bxb7 Rxb7 33. a3 Be8 34. Nc2 Rd7 35. Ne3 Rd3 36. Rc7+ Bf7 37. g4 hxg4 38.
Nxg4 Rxh3 39. Bxf6+ Kf8 40. Rxa7 Ke8 41. Ne5 Bd5 42. Re7+ 1-0

[Event "Najdorf Mem Open A"]
[Site "Warsaw POL"]
[Date "2010.07.17"]
[Round "1"]
[White "Bugajski,R"]
[Black "Petrov,Marij"]
[Result "0-1"]
[WhiteElo "2222"]
[BlackElo "2535"]
[EventDate "2010.07.17"]

1. c4 g6 2. g3 Bg7 3. Bg2 e5 4. Nc3 d6 5. e3 f5 6. Nge2 Nf6 7. d3 O-O 8.
O-O c6 9. b3 Re8 10. Bb2 d5 11. Qd2 Be6 12. cxd5 Nxd5 13. Rad1 Nd7 14. Nxd5
cxd5 15. f4 Qb6 16. fxe5 Bxe5 17. Bxe5 Nxe5 18. h3 Bf7 19. Nf4 d4 20. e4
fxe4 21. Bxe4 Rad8 22. Qg2 Re7 23. g4 g5 24. Nd5 Bxd5 25. Bxd5+ Kh8 26. Be4
Ng6 27. Bxg6 hxg6 28. Rf3 Re3 29. Rdf1 Qd6 30. Qh2 Qxh2+ 31. Kxh2 Rc8 32.
Kg2 Rxf3 33. Rxf3 Kg7 34. Rf2 Rc3 35. Rf3 a5 36. Kg3 b5 37. Kg2 Rc2+ 38.
Rf2 Rc3 39. Rf3 a4 40. bxa4 bxa4 41. Kg3 Ra3 42. h4 Kh6 43. Kh3 gxh4 44.
Kxh4 g5+ 45. Kg3 Kg6 46. Rf2 Rxd3+ 47. Kg2 Re3 48. Rd2 Re4 49. Kf3 Rf4+ 50.
Kg3 Kf6 51. Rd3 Re4 52. Kf3 Ke5 53. Ra3 Re3+ 0-1

[Event "Najdorf Mem Open A"]
[Site "Warsaw POL"]
[Date "2010.07.17"]
[Round "1"]
[White "Bernasek,J"]
[Black "Alvarado,C"]
[Result "1-0"]
[WhiteElo "2514"]
[BlackElo "2216"]
[EventDate "2010.07.17"]

1. d4 d5 2. c4 e6 3. Nc3 Be7 4. cxd5 exd5 5. Bf4 Nf6 6. e3 Bf5 7. f3 c6 8.
g4 Be6 9. h4 Nfd7 10. Bg3 h5 11. g5 Qa5 12. Qd2 b5 13. Bd3 b4 14. Nce2 c5
15. Nf4 c4 16. Nxe6 fxe6 17. Bg6+ Kd8 18. Ne2 Nc6 19. Nf4 Nf8 20. Bxh5 c3
21. Qe2 cxb2 22. Qxb2 Bd6 23. Bg4 Ke7 24. Kf2 e5 25. Ne2 exd4 26. Bxd6+
Kxd6 27. Nxd4 Ne7 28. a3 Nfg6 29. axb4 Qb6 30. b5 a5 31. Rac1 Ne5 32. Qa3+
1-0

[Event "Najdorf Mem Open A"]
[Site "Warsaw POL"]
[Date "2010.07.17"]
[Round "1"]
[White "Czarnota,D"]
[Black "Jakubowski,K"]
[Result "0-1"]
[WhiteElo "2214"]
[BlackElo "2506"]
[EventDate "2010.07.17"]

1. d4 Nf6 2. c4 c5 3. d5 b5 4. cxb5 a6 5. b6 d6 6. e4 g6 7. Nc3 Bg7 8. Bd3
O-O 9. Nf3 Bg4 10. h3 Bxf3 11. Qxf3 Nfd7 12. Qe2 Nxb6 13. O-O a5 14. Bg5 a4
15. Rac1 h6 16. Be3 Qc8 17. Qd2 Kh7 18. f4 N8d7 19. Kh1 Qb7 20. e5 f5 21.
exf6 Bxf6 22. Be4 Nc4 23. Qd3 Nxe3 24. Qxe3 Qxb2 25. Qd3 Rg8 26. Rc2 Qa3
27. Rf3 Rab8 28. Rg3 Nf8 29. Qe2 Rb1+ 30. Kh2 Ra1 31. Nd1 Qb4 32. Rc4 Qa5
33. Ra3 Qb5 34. Bd3 Qb7 35. Ne3 Bb2 36. Raxa4 Rg7 37. f5 Kh8 38. Ng4 gxf5
39. Bxf5 h5 40. Ne3 Be5+ 41. Rf4 Nh7 42. Qxh5 Qb8 43. Ng4 Bxf4+ 44. Rxf4
Rxa2 45. Bxh7 Rxh7 46. Nh6 Qg8 47. Rg4 Qf8 48. Qf5 Ra8 49. Rg8+ Qxg8 50.
Nxg8 Kxg8 51. Qe4 Rg7 52. h4 Ra2 53. Qe6+ Kh8 54. Qh6+ Kg8 55. Qe6+ Kh7 56.
Qf5+ Kh6 57. Qe6+ Rg6 58. Qxe7 Raxg2+ 59. Kh1 R2g4 60. Qf8+ Kh5 61. Qh8+
Rh6 62. Qd8 Rxh4+ 63. Kg2 Rf4 64. Kg3 Rff6 65. Qe8+ Rhg6+ 66. Kh3 Rf3+ 67.
Kh2 Rf2+ 68. Kh3 Rf3+ 69. Kh2 Rf4 70. Qh8+ Kg4 71. Qh3+ Kg5 72. Qd7 Rg4 73.
Qe7+ Kf4 74. Qf7+ Ke4 75. Kh3 Rg1 76. Kh2 R1g5 77. Qe7+ Kd4 78. Qh7 Rg2+
0-1

[Event "Najdorf Mem Open A"]
[Site "Warsaw POL"]
[Date "2010.07.17"]
[Round "1"]
[White "Boros,De"]
[Black "Tscharotschkin,M"]
[Result "1-0"]
[WhiteElo "2499"]
[BlackElo "2201"]
[EventDate "2010.07.17"]

1. e4 e6 2. d4 d5 3. Nd2 Nf6 4. e5 Nfd7 5. f4 c5 6. Ngf3 Nc6 7. Nb3 a5 8.
a4 b6 9. Be3 c4 10. Nbd2 Ba6 11. Be2 Ne7 12. Ng5 Nf5 13. Bf2 Be7 14. g4 Nh4
15. Bxh4 h6 16. Ndf3 hxg5 17. fxg5 Nf8 18. c3 Ng6 19. Bg3 Bxg5 20. Nxg5
Qxg5 21. Qd2 Qe7 22. Qe3 b5 23. axb5 Bxb5 24. b4 Qd8 25. bxa5 Rxa5 26. Qc1
Qa8 27. Rxa5 Qxa5 28. h4 Qd8 29. h5 Ba4 30. O-O Nf8 31. Qf4 Qc7 32. Qg5 Rg8
33. Ra1 Qc6 34. Bh4 f6 35. exf6 Kf7 36. fxg7 Rxg7 37. Qh6 Nh7 38. Qf4+ Kg8
39. Qb8+ Nf8 40. Rf1 Qe8 41. Qxe8 Bxe8 42. Bf6 Ra7 43. g5 Ra2 44. Be7 Ng6
45. hxg6 Rxe2 46. Rf8+ Kg7 47. Rxe8 Kxg6 48. Rf8 Re3 49. Rf6+ Kg7 50. Bf8+
Kg8 51. g6 1-0

[Event "Najdorf Mem Open A"]
[Site "Warsaw POL"]
[Date "2010.07.17"]
[Round "1"]
[White "Gamback,B"]
[Black "Warakomski,T"]
[Result "1/2-1/2"]
[WhiteElo "2192"]
[BlackElo "2495"]
[EventDate "2010.07.17"]

1. e4 g6 2. d4 Bg7 3. Nc3 c6 4. Be3 d5 5. e5 f6 6. f4 Qb6 7. Na4 Qc7 8. Be2
Nh6 9. g4 O-O 10. Nh3 Nf7 11. Nf2 g5 12. exf6 exf6 13. f5 Re8 14. Bd2 h5
15. O-O Nh6 16. Bd3 Na6 17. Qf3 b5 18. Nc3 Nb4 19. Nxb5 cxb5 20. Bxb4 Bb7
21. gxh5 g4 22. Nxg4 Kh7 23. Kh1 Re4 24. Nxh6 Bxh6 25. Qg3 Qxg3 26. hxg3
Rxd4 27. Bd6 Rg4 28. Rae1 d4+ 29. Kh2 Be3 30. Bf4 Rag8 31. Bxe3 Rxg3 32.
Rg1 Rg2+ 33. Rxg2 Rxg2+ 34. Kh3 dxe3 35. Rxe3 Kh6 36. Re7 Bf3 37. Rf7 Rg5
38. Rxf6+ Kxh5 39. Rf7 Bg2+ 40. Kh2 Bf3 41. Rh7+ Kg4 42. f6 Kf4 43. Rh4+
Ke3 44. f7 Kf2 45. f8=Q Rg2+ 46. Kh3 Rg3+ 47. Kh2 Rg2+ 1/2-1/2

[Event "Najdorf Mem Open A"]
[Site "Warsaw POL"]
[Date "2010.07.17"]
[Round "1"]
[White "Simonian,H"]
[Black "Weichhold,P"]
[Result "1-0"]
[WhiteElo "2494"]
[BlackElo "2190"]
[EventDate "2010.07.17"]

1. e4 c5 2. Nc3 Nc6 3. Bb5 Nd4 4. Bc4 e6 5. Nge2 a6 6. Nxd4 cxd4 7. Ne2 Bc5
8. d3 Ne7 9. Bb3 b6 10. O-O Bb7 11. Ng3 O-O 12. Qg4 Kh8 13. Nh5 Ng6 14. Bg5
f6 15. Bd2 f5 16. exf5 Rxf5 17. Ng3 Rf8 18. Rae1 Qc7 19. f4 Bd6 20. f5 exf5
21. Nxf5 Bxh2+ 22. Kh1 Be5 23. Bb4 d6 24. Nxd4 Nf4 25. Ne6 Qd7 26. Kg1 Rf6
27. Bd2 Rg6 28. Ng5 Rxg5 29. Qxd7 Rxg2+ 30. Kh1 Rg5+ 31. Qxb7 Rh5+ 32. Kg1
Rg5+ 33. Kf2 Rf8 34. Bxf4 Bxf4 35. Ke2 1-0

[Event "Najdorf Mem Open A"]
[Site "Warsaw POL"]
[Date "2010.07.17"]
[Round "1"]
[White "Zaninotto,F"]
[Black "Sveshnikov,E"]
[Result "1/2-1/2"]
[WhiteElo "2189"]
[BlackElo "2487"]
[EventDate "2010.07.17"]

1. e4 c5 2. c3 Nf6 3. e5 Nd5 4. d4 cxd4 5. Nf3 Nc6 6. Bc4 Nb6 7. Bb3 d5 8.
exd6 Qxd6 9. O-O Be6 10. Na3 Bxb3 11. Qxb3 e6 12. Nb5 Qd7 13. Nbxd4 Nxd4
14. Nxd4 Be7 15. Rd1 O-O 16. Nf5 Qc7 17. Nxe7+ Qxe7 18. Be3 Nd5 19. c4 Nxe3
20. Qxe3 Rfd8 21. b3 b6 22. Qe2 Qc5 23. g3 Kf8 24. Rd3 g6 25. Rad1 Rxd3 26.
Qxd3 Rc8 27. h4 h5 28. Kg2 Qc6+ 29. Kg1 Qc5 30. Kg2 Qe5 31. Qf3 Ke7 32. Qd3
Qc7 33. Qd2 Rd8 34. Qxd8+ Qxd8 35. Rxd8 Kxd8 36. Kf3 Kd7 37. Ke4 Kd6 38. b4
e5 39. f4 f5+ 40. Ke3 e4 41. Kd4 Kc6 42. Ke3 a6 43. Kd4 Kd6 44. Ke3 a5 45.
a3 b5 46. c5+ Kd5 47. Kd2 Kc6 48. Ke3 Kd5 49. Kd2 Kc6 50. Ke3 1/2-1/2

[Event "Najdorf Mem Open A"]
[Site "Warsaw POL"]
[Date "2010.07.17"]
[Round "1"]
[White "Socko,M"]
[Black "Delega,T"]
[Result "1-0"]
[WhiteElo "2477"]
[BlackElo "2186"]
[EventDate "2010.07.17"]

1. e4 Nf6 2. e5 Nd5 3. d4 d6 4. c4 Nb6 5. exd6 exd6 6. Nc3 Be7 7. Bd3 Nc6
8. Nge2 Bg4 9. Be3 Qd7 10. b3 Bf6 11. f3 Bf5 12. Ne4 Bh4+ 13. g3 Be7 14.
O-O h5 15. a4 a5 16. Rc1 h4 17. g4 Bh7 18. Ng5 Bxd3 19. Qxd3 Nb4 20. Qb1
Qd8 21. Qf5 Rf8 22. d5 g6 23. Qe4 Nd7 24. Ne6 Nf6 25. Nxd8 Nxe4 26. Nxf7
Nc5 27. Ng5 Bxg5 28. Bxg5 Nxb3 29. Rc3 Nc5 30. Re3+ Kd7 31. Re7+ Kc8 32.
Nd4 Nba6 33. f4 Nd7 34. Rfe1 b6 35. Rg7 Nac5 36. Ree7 Ra7 37. Nb5 Rb7 38.
Bxh4 Rh8 39. Bf2 Nf6 40. Bxc5 bxc5 41. Nxd6+ 1-0

[Event "Najdorf Mem Open A"]
[Site "Warsaw POL"]
[Date "2010.07.17"]
[Round "1"]
[White "Butnorius,A"]
[Black "Rademakers,E"]
[Result "1-0"]
[WhiteElo "2442"]
[BlackElo "2171"]
[EventDate "2010.07.17"]

1. d4 Nf6 2. Nf3 c5 3. d5 b5 4. c4 bxc4 5. Nc3 d6 6. e4 g6 7. Bxc4 Bg7 8.
O-O O-O 9. Re1 Bg4 10. h3 Bxf3 11. Qxf3 Nbd7 12. Qd1 Rb8 13. Rb1 Ng4 14.
Bd2 Nge5 15. Bf1 c4 16. Be3 Qc7 17. f4 Nd3 18. Bxd3 cxd3 19. Qxd3 Nc5 20.
Qc4 a5 21. a3 Rfc8 22. e5 dxe5 23. Bxc5 Qxc5+ 24. Qxc5 Rxc5 25. fxe5 Bxe5
26. Rxe5 Rxc3 27. Rxe7 Rd3 28. Rf1 Rxb2 29. Rfxf7 Rdd2 30. Rg7+ Kf8 31.
Ref7+ Ke8 32. d6 Rxd6 33. Ra7 1-0

[Event "Najdorf Mem Open A"]
[Site "Warsaw POL"]
[Date "2010.07.17"]
[Round "1"]
[White "Malec,S"]
[Black "Cernousek,L"]
[Result "1/2-1/2"]
[WhiteElo "2108"]
[BlackElo "2412"]
[EventDate "2010.07.17"]

1. e4 c5 2. Nf3 d6 3. d4 Nf6 4. Nc3 cxd4 5. Nxd4 a6 6. Be3 e5 7. Nde2 Be6
8. f4 Qa5 9. f5 Bc4 10. Ng3 Bxf1 11. Rxf1 Nbd7 12. Qd2 Rc8 13. Bg5 b5 14.
Bxf6 Nxf6 15. Rf3 Be7 16. Rd3 b4 17. Nd5 Nxd5 18. Rxd5 Qc7 19. Rc1 O-O 20.
c4 bxc3 21. Rxc3 Qb6 22. Kf1 Rxc3 23. Qxc3 Qb7 24. Ne2 Rb8 25. b3 Rc8 26.
Qd2 Rc6 27. Rd3 g6 28. g4 Rc5 29. Nc3 Qc6 30. Nd5 Bh4 31. Rc3 Qb5+ 32. Kg2
Rxc3 33. Nxc3 Qb4 34. Qe3 Qa3 35. Kh3 Qb2 36. Ne2 Bd8 37. a4 h6 38. Ng3 Kg7
39. fxg6 Kxg6 40. Qf3 Bg5 41. Qf5+ Kg7 42. Nh5+ Kg8 43. Qc8+ Kh7 44. Qf5+
1/2-1/2

[Event "Najdorf Mem Open A"]
[Site "Warsaw POL"]
[Date "2010.07.17"]
[Round "1"]
[White "Przedmojski,R"]
[Black "Skawinski,A"]
[Result "1/2-1/2"]
[WhiteElo "2390"]
[BlackElo "2233"]
[EventDate "2010.07.17"]

1. d4 d5 2. c4 c6 3. Nf3 Nf6 4. Qc2 g6 5. Bf4 Bg7 6. e3 Bf5 7. Qb3 Qb6 8.
Nc3 Nbd7 9. h3 O-O 10. g4 Be4 11. Nxe4 Nxe4 12. Qxb6 Nxb6 13. c5 Nd7 14.
Rc1 f6 15. Bd3 e5 16. Bh2 f5 17. gxf5 Rxf5 18. Bxe4 dxe4 19. Nxe5 Bxe5 20.
Bxe5 Nxe5 21. dxe5 Rd8 22. Rc2 Rxe5 23. b4 Kf7 24. Ke2 Kf6 25. Rg1 Rh5 26.
Rg4 Rxh3 27. Rf4+ Kg7 28. Rxe4 Rd7 29. Rcc4 Kf8 30. Re5 Re7 31. Rxe7 Kxe7
32. Re4+ Kf7 33. Rf4+ Ke7 1/2-1/2

[Event "Najdorf Mem Open A"]
[Site "Warsaw POL"]
[Date "2010.07.17"]
[Round "1"]
[White "Choroszej,A"]
[Black "Staniszewski,Pi"]
[Result "0-1"]
[WhiteElo "2095"]
[BlackElo "2389"]
[EventDate "2010.07.17"]

1. d4 Nf6 2. c4 e6 3. Nf3 b6 4. a3 Bb7 5. Nc3 d5 6. cxd5 Nxd5 7. Qc2 Nxc3
8. bxc3 c5 9. e4 Nd7 10. Bd3 Qc7 11. O-O cxd4 12. cxd4 Qxc2 13. Bxc2 Be7
14. Ba4 a6 15. Bxd7+ Kxd7 16. Ne5+ Ke8 17. Re1 Rc8 18. a4 Bb4 19. Re2 a5
20. f3 Ba6 21. Rea2 f6 22. Ng4 Bc3 23. Rb1 Bd3 24. Rb3 Bxd4+ 25. Be3 Rc1+
26. Kf2 Bc4 27. Bxd4 Bxb3 28. Rb2 Rc2+ 29. Rxc2 Bxc2 30. Bxb6 Kf7 31. Bxa5
Ra8 32. Be1 Rxa4 33. Ne3 Bd3 34. Kg3 Ra2 35. Bb4 e5 36. h4 h5 37. Bc5 Ke6
38. Kh3 Be2 39. Kg3 g6 40. Kh3 f5 0-1

[Event "Najdorf Mem Open A"]
[Site "Warsaw POL"]
[Date "2010.07.17"]
[Round "1"]
[White "Bobula,M"]
[Black "Kuciel,W"]
[Result "1-0"]
[WhiteElo "2387"]
[BlackElo "2088"]
[EventDate "2010.07.17"]

1. d4 Nf6 2. c4 e6 3. Nf3 Bb4+ 4. Bd2 Qe7 5. g3 b6 6. Bg2 Bb7 7. O-O Bxd2
8. Qxd2 O-O 9. Nc3 Ne4 10. Nxe4 Bxe4 11. Rac1 d6 12. c5 Nd7 13. cxb6 cxb6
14. Rc7 Rfc8 15. Rfc1 Rxc7 16. Rxc7 Qd8 17. Qc1 Nc5 18. Rxf7 Kxf7 19. Qf4+
Qf6 20. Qxd6 Rd8 21. Qc7+ Nd7 22. Ne5+ Ke8 23. Bxe4 Nxe5 24. dxe5 Qe7 25.
Qc6+ Qd7 26. Qxd7+ Kxd7 27. Bxh7 Kc6 28. Bd3 Kd5 29. f4 Rc8 30. b4 Rc1+ 31.
Kg2 Ra1 32. b5 Rxa2 33. h4 Kc5 34. h5 a5 35. bxa6 b5 36. g4 Rxa6 37. g5 Ra8
38. h6 gxh6 39. gxh6 b4 40. h7 Kd4 41. Kf3 b3 42. Kg4 Ke3 43. f5 exf5+ 44.
Kxf5 b2 45. e6 Kd4 46. e7 Kd5 47. Kf6 Kd6 48. Kf7 1-0

[Event "Najdorf Mem Open A"]
[Site "Warsaw POL"]
[Date "2010.07.17"]
[Round "1"]
[White "Solnicki,M"]
[Black "Beinoras,M"]
[Result "0-1"]
[WhiteElo "2084"]
[BlackElo "2386"]
[EventDate "2010.07.17"]

1. d4 d5 2. c4 c6 3. Nf3 Nf6 4. cxd5 cxd5 5. Nc3 Nc6 6. Bf4 Nh5 7. Bg3 Nxg3
8. hxg3 g6 9. e3 Bg7 10. Qb3 e6 11. Bd3 Bd7 12. g4 Rc8 13. g5 Na5 14. Qc2
b5 15. a3 Nc4 16. Bxc4 Rxc4 17. b3 Rc8 18. Qd3 Qc7 19. Kd2 b4 20. axb4 Bf8
0-1